000 00707nam a2200205Ia 4500
003 GCL
008 140319s9999 xx 000 0 ara d
040 _aGCL /
_cGCL
082 0 4 _a693.5
_bى ت
100 1 _aيوسف عجاج
245 1 0 _aتحليل وتصميم القطاعات الخرسانية المسلحة بطريقة الاجهادات القصوى /
_cيوسف عجاج
300 _a266 ص
490 _aسلسلة مذكرات الخرسانة المسلحة
_v0
650 0 4 _aالهندسة الالكترونية
650 0 4 _aالخرسانة المسلحة
650 0 4 _aالبناء
650 0 4 _aالعمارة
650 0 4 _aالهندسة الانشائية
942 _2ddc
_cBK
999 _c51714
_d51714